| 000 | 00853cam a22002412 4500 | ||
|---|---|---|---|
| 001 | 0000001603 | ||
| 005 | 20151217154330.0 | ||
| 008 | 070319s xx 000 0 eng d | ||
| 020 |
_a0754619885 : _cKES 5,850 |
||
| 040 |
_aKABU _cKABU |
||
| 050 | 0 |
_aHC800 _b.S25 2002 |
|
| 100 | 1 |
_aSaitoti, George. _@0000150481 |
|
| 245 | 1 | 4 |
_aThe Challenges of economic and institutional reforms in Africa / _cGeorge Saitoti. |
| 260 |
_aHampshire, England : _bAshgate, _cc2002. |
||
| 300 |
_axxi, 372 p. ; _c23 cm. |
||
| 440 | 0 |
_aContemporary perspectives on developing societies _@0000150482 |
|
| 650 | 0 |
_aEconomic development. _@0000150073 |
|
| 651 | 0 |
_aAfrica _xEconomic conditions _y1960-. _@0000149691 |
|
| 651 | 0 |
_aAfrica _xPolitics and government. _@0000148665 |
|
| 908 | _a070319 | ||
| 950 | _@1 | ||
| 999 |
_c10552 _d10552 |
||